000 00635nam a2200277Ia 4500
005 20260324115800.0
008 008 260324s9999 xx 000 0 eng d
020 _a9780429162602
037 _aEBOOK
040 _aCRL
040 _beng
040 _cCRL
041 _2eng
041 _aeng
084 _qCRL
100 _aIoannis Pitas
_91155993
245 0 _aGraph-Based Social Media Analysis
260 _bTaylor and Francis
260 _c2016
365 _a
365 _b210
856 _uhttp://www.taylorfrancis.com/books/9780429162602
942 _cEBOOK
999 _c1747115
_d1747115